000 00570nam a2200217Ia 4500
003 OSt
005 20230315154556.0
008 210210b2005 xxu||||| |||| 00| 0 eng d
020 _a0 07 059869 X
040 _cAL
041 _aEnglish
082 _a658 HILI
100 _aHILL (Charles W L).
_975542
245 _aInternational business: competing in the global marketplace
250 _a5
260 _aNew Delhi
_bTata McGraw-Hill Publishing Company Ltd.
_c2005
300 _axxiv,720
690 _aManagement
_975543
906 _a061097
942 _2ddc
_cBK
999 _c108047
_d108047